00570nam a2200193 a 4500008004100000020002200041100002300063245006600086250001200152260004500164300003600209504004100245500002000286650002600306700001700332003000100349005001700350040000900367  a0136265324 (pbk.)1 aTorrington, Derek.10aHuman resource management /cDerek Torrington and Laura Hall. a4th ed. aNew York :bPrentice Hall Europe,c1998. axxvii, 717 p. :bill. ;c25 cm. aIncludes bibliographical references. aIncludes index. 0aPersonnel management.1 aHall, Laura.20230123125243.0 cNUST